Introducing Freud : (Record no. 782)

MARC details
000 -LEADER
fixed length control field 00696cam a2200205 4500
001 - CONTROL NUMBER
control field 1125
003 - CONTROL NUMBER IDENTIFIER
control field OCoLC
005 - DATE AND TIME OF LATEST TRANSACTION
control field 20181127162718.0
008 - FIXED-LENGTH DATA ELEMENTS--GENERAL INFORMATION
fixed length control field 990623s1999 enka 000 0 eng d
020 ## - INTERNATIONAL STANDARD BOOK NUMBER
International Standard Book Number 1840460547 (pbk.)
043 ## - GEOGRAPHIC AREA CODE
Geographic area code e-au---
100 1# - MAIN ENTRY--PERSONAL NAME
Personal name Appignanesi, Richard.
245 10 - TITLE STATEMENT
Title Introducing Freud :
Remainder of title a graphic guide /
Statement of responsibility, etc. Richard Appignanesi and Oscar Zarate.
260 ## - PUBLICATION, DISTRIBUTION, ETC.
Place of publication, distribution, etc. Cambridge, England :
Name of publisher, distributor, etc. Icon,
Date of publication, distribution, etc. 1999.
300 ## - PHYSICAL DESCRIPTION
Extent [174] p. :
Other physical details chiefly ill. ;
Dimensions 21 cm.
600 10 - SUBJECT ADDED ENTRY--PERSONAL NAME
Personal name Freud, Sigmund,
Dates associated with a name 1856-1939
Form subdivision Comic books, strips, etc.
650 ## - SUBJECT ADDED ENTRY--TOPICAL TERM
Topical term or geographic name entry element Psychoanalysis -- Caricatures and cartoons.
Form subdivision
General subdivision
Chronological subdivision
Geographic subdivision
Source of heading or term
Topical term or geographic name entry element Psychoanalysis
Form subdivision Comic books, strips, etc.
700 1# - ADDED ENTRY--PERSONAL NAME
Personal name Zarate, Oscar,
Dates associated with a name 1942-
Holdings
Withdrawn status Lost status Source of classification or shelving scheme Damaged status Not for loan Collection code Home library Current library Shelving location Date acquired Serial Enumeration / chronology Inventory number Total Checkouts Full call number Barcode Date last seen Copy number Price effective from Koha item type
    Dewey Decimal Classification     Main TEST RTC Library RTC Library Main opac 24/11/2022 6158   150.1 APP 30005598 24/02/2023 2 27/11/2018 Main
    Dewey Decimal Classification     Main TEST RTC Library RTC Library Main opac   4153   150.1 APP 30005290 27/11/2018 1 27/11/2018 Main
Royal Thimphu College || All Right Reserved